| 000 | 01163cam a2200337 a 4500 | ||
|---|---|---|---|
| 001 | 16760609 | ||
| 003 | ARRUPE | ||
| 005 | 20150908081803.0 | ||
| 008 | 110503s2011 nyu b 001 0 eng d | ||
| 010 | _a 2011281812 | ||
| 020 | _a9780745327129 | ||
| 020 | _a0745327125 | ||
| 020 | _a9780745327112 (pbk.) | ||
| 020 | _a0745327117 (pbk.) | ||
| 035 | _a(OCoLC)ocn662406234 | ||
| 040 |
_aBTCTA _beng _cBTCTA _dYDXCP _dCDX _dSINLB _dBWX _dLML _dUAB _dDLC |
||
| 042 | _alccopycat | ||
| 050 | 0 | 0 |
_aJA83 _b.T49 2011 |
| 082 | 0 | 4 |
_a320.509 _222 |
| 100 | 1 |
_aThompson, Willie. _918750 |
|
| 245 | 1 | 0 |
_aIdeologies in the age of extremes : _bliberalism, conservatism, communism, fascism 1914-91 / _cWillie Thompson. |
| 260 |
_aNew York : _bPluto Press, _cc2011. |
||
| 300 |
_ax, 278 p. ; _c23 cm. |
||
| 504 | _aIncludes bibliographical references and index. | ||
| 650 | 0 |
_aPolitical science _xHistory. _918751 |
|
| 650 | 0 |
_aIdeology _xHistory. _918752 |
|
| 650 | 0 |
_aRight and left (Political science) _918753 |
|
| 906 |
_a7 _bcbc _ccopycat _d2 _encip _f20 _gy-gencatlg |
||
| 942 |
_2lcc _cMONOGRAPH |
||
| 999 |
_c123099 _d123099 |
||